Music Quiz

Random Music Quiz

Find the Lyrics 9 Quiz Stats

 Plays Quiz not verified by Sporcle

Support Sporcle.
Go Orange.
Score 0/292 Timer 10:00
0 Plays Today
% Correct
you
96.7%
you
96.7%
you
96.7%
you
96.7%
You
96.7%
you
96.7%
you
96.7%
You
96.7%
a
96.7%
You
96.7%
a
96.7%
You
96.7%
a
96.7%
the
96.7%
the
96.7%
a
96.7%
you
96.7%
the
96.7%
you
96.7%
you
96.7%
you
96.7%
the
96.7%
the
96.7%
you
96.7%
you
96.7%
you
96.7%
a
96.7%
a
96.7%
a
96.7%
a
96.7%
you
96.7%
You
96.7%
You
96.7%
a
96.7%
You
96.7%
a
96.7%
You
96.7%
a
96.7%
the
96.7%
you
96.7%
the
96.7%
You
96.7%
you
96.7%
you
96.7%
a
96.7%
You
96.7%
you
96.7%
a
96.7%
You
96.7%
you
96.7%
a
96.7%
in
86.7%
in
86.7%
go
86.7%
to
80%
me
76.7%
me
76.7%
me
76.7%
me
76.7%
me
76.7%
me
76.7%
me
76.7%
it
76.7%
it
76.7%
on
76.7%
it
76.7%
it
76.7%
it
76.7%
it
76.7%
it
76.7%
it
76.7%
it
76.7%
are
76.7%
it
76.7%
me
76.7%
it
76.7%
it
76.7%
it
76.7%
it
76.7%
it
76.7%
it
76.7%
Love
76.7%
me
76.7%
can
70%
when
70%
If
56.7%
If
56.7%
If
56.7%
If
56.7%
been
56.7%
got
56.7%
If
56.7%
If
56.7%
If
56.7%
got
56.7%
got
56.7%
got
56.7%
can't
56.7%
% Correct
If
56.7%
If
56.7%
got
56.7%
got
56.7%
up
53.3%
up
53.3%
up
53.3%
up
53.3%
my
53.3%
up
53.3%
up
53.3%
up
53.3%
up
53.3%
up
53.3%
up
53.3%
up
53.3%
up
53.3%
up
53.3%
Don't
53.3%
Don't
53.3%
Don't
53.3%
My
53.3%
my
53.3%
My
53.3%
up
53.3%
up
53.3%
up
53.3%
up
53.3%
up
53.3%
up
53.3%
that
53.3%
up
53.3%
up
53.3%
like
50%
like
50%
never
46.7%
never
46.7%
never
46.7%
Never
46.7%
never
46.7%
never
46.7%
make
46.7%
man
46.7%
make
46.7%
man
46.7%
make
46.7%
man
46.7%
all
46.7%
make
46.7%
man
46.7%
make
46.7%
man
46.7%
make
46.7%
man
46.7%
all
46.7%
never
46.7%
never
46.7%
never
46.7%
never
46.7%
never
46.7%
never
46.7%
make
46.7%
man
46.7%
make
46.7%
man
46.7%
make
46.7%
man
46.7%
never
46.7%
never
46.7%
never
46.7%
never
46.7%
Never
46.7%
never
46.7%
never
46.7%
Never
46.7%
never
46.7%
make
46.7%
man
46.7%
make
46.7%
man
46.7%
make
46.7%
man
46.7%
I've
40%
give
40%
Give
40%
I'll
36.7%
I'll
36.7%
I'll
36.7%
just
36.7%
I'll
36.7%
take
36.7%
at
33.3%
you've
33.3%
cry
30%
cry
30%
cry
30%
I
30%
I
30%
% Correct
cry
30%
cry
30%
cry
30%
cry
30%
cry
30%
cry
30%
day
30%
cry
30%
stop
26.7%
stop
26.7%
stop
26.7%
stop
26.7%
stop
26.7%
stop
26.7%
grown
26.7%
grown
26.7%
grown
26.7%
out
26.7%
with
26.7%
grown
26.7%
grown
26.7%
grown
26.7%
stop
26.7%
grown
26.7%
grown
26.7%
grown
26.7%
stop
26.7%
stop
26.7%
stop
26.7%
stop
26.7%
stop
26.7%
grown
26.7%
start
23.3%
start
23.3%
start
23.3%
start
23.3%
start
23.3%
start
23.3%
Start
23.3%
start
23.3%
Start
23.3%
Start
23.3%
seen
23.3%
Start
23.3%
we'll
23.3%
hot
20%
baby
20%
come
20%
come
20%
gonna
16.7%
running
13.3%
eyes
13.3%
she's
13.3%
gasoline
10%
green
10%
hands
10%
places
10%
dead
10%
dead
10%
blow
6.7%
top
6.7%
oil
6.7%
walk
6.7%
mean
6.7%
mean
6.7%
machine
6.7%
other
6.7%
mean
6.7%
mean
6.7%
machine
6.7%
wind
6.7%
ticking
3.3%
Spread
3.3%
smooth
3.3%
ride
3.3%
Kick
3.3%
starter
3.3%
compete
3.3%
rough
3.3%
dilate
3.3%
lips
3.3%
Ride
3.3%
speed
3.3%
riders
0%
heats
0%
slide
0%
Slide
0%
slide
0%
slide
0%
greasy
0%
Slide
0%
slide
0%
Slide
0%
slide
0%
double
0%
Tough
0%

You're not logged in!

Compare scores with friends on all Sporcle quizzes.
OR
Log In

From the Vault

Letter 'K' Bunker

by Flick

It's time for the 4th letter in 'bunker' to finally shine.
Remove Ads.
Support Sporcle.
Get the best of Sporcle when you Go Orange. This ad-free experience offers more features, more stats, and more fun while also helping to support Sporcle. Thank you for becoming a member.

Show Comments

Extras

Created Feb 6, 2018ReportNominate

Top Quizzes Today


Score Distribution

Your Account Isn't Verified!

In order to create a playlist on Sporcle, you need to verify the email address you used during registration. Go to your Sporcle Settings to finish the process.

Report this User

Report this user for behavior that violates our Community Guidelines.

Details: